=LDR 00000nam 2200000 4500 =001 NUTBA000000000003052 =005 20140826144318.0 =006 =007 =008 =020 ##$$a 978-979-29-3487-8 =035 ##$$a 0010-071400000000240 =040 ##$$a NBPDMAT =082 ##$$a 510.076 =090 ##$$a 510.076 $b Fat m =100 ##$$a Faturrahman =245 ##$$a Matematika SMK & Aliyah kejuruan kelas xi bidang keahlian teknologi, pertanian dan kesehatan / $c Fathurrahman : editor, Westriningsih =260 ##$$a Yogyakarta : $b Andi, $c 2012 =300 ##$$a viii, 186 hlm. ; 29 cm. =650 ##$$a Matematika SMK - Studi dan Pengajaran =700 ##$$a Westriningsih =850 ##$$a NBPDMAT =990 ##$$a 21404732